00625nam a2200193Ia 4500008004100000020001800041082001600059100002200075245004600097250000800143260004400151300002300195500001900218600001500237650001500252942000700267952014000274999001700414240925s9999 xx 000 0 und d a9788126537082 a658.404 MER aMeredith, jack R. 0aProject Management: a managerial approach a8th aNew Delhi:bJohn Wiley and Sonsc,2012. a285p.b0fOriginal aIncludes Index aManagement aManagement cBK 001040708MANaUITUbUITUd2018-12-17eBook World Internationalg1097.10l0o658.404 MERpQ12405r2024-09-25 07:16:28w2024-09-25yBK c14904d14904